000 02554nam a2200457 a 4500
001 ebr10245790
003 CaPaEBR
006 m u
007 cr cn|||||||||
008 070306s2007 txu sb s001 0deng
010 _z 2007009533
020 _z9780292716445 (cloth : alk. paper)
020 _z0292716443 (cloth : alk. paper)
040 _aCaPaEBR
_cCaPaEBR
035 _a(OCoLC)646761248
050 1 4 _aPS152
_b.H36 2007eb
082 0 4 _a820.9/928709042
_222
100 1 _aHammill, Faye.
245 1 0 _aWomen, celebrity, and literary culture between the wars
_h[electronic resource] /
_cFaye Hammill.
246 1 8 _aWomen, celebrity, & literary culture between the wars
250 _a1st ed.
260 _aAustin :
_bUniversity of Texas Press,
_c2007.
300 _aviii, 261 p.
490 1 _aLiterary modernism series
504 _aIncludes bibliographical references (p. [233]-249) and index.
505 0 _a"How to tell the difference between a Matisse painting and a Spanish omelette" : Dorothy Parker, Vogue, and Vanity fair -- "Brains are really everything" : Anita Loos's Gentlemen prefer blondes -- "A plumber's idea of Cleopatra" : Mae West as author -- "Astronomers located her in the latitude of Prince Edward Island" : L. M. Montgomery, Anne of Green Gables, and early Hollywood -- "The best product of this century" : Margaret Kennedy's The constant nymph -- "Literature or just sheer flapdoodle?": Stella Gibbons's Cold Comfort Farm -- "Wildest hopes exceeded" : E. M. Delafield's Diary of a provincial lady.
533 _aElectronic reproduction.
_bPalo Alto, Calif. :
_cebrary,
_d2013.
_nAvailable via World Wide Web.
_nAccess may be limited to ebrary affiliated libraries.
650 0 _aAmerican literature
_xWomen authors
_xHistory and criticism.
650 0 _aEnglish literature
_xWomen authors
_xHistory and criticism.
650 0 _aWomen and literature
_xHistory
_y20th century.
650 0 _aWomen authors, American
_y20th century
_vBiography.
650 0 _aWomen authors, English
_y20th century
_vBiography.
650 0 _aFame
_xEconomic aspects
_xHistory
_y20th century.
650 0 _aAuthorship
_xEconomic aspects
_xHistory
_y20th century.
650 0 _aAuthors and readers
_xHistory
_y20th century.
650 0 _aPopular culture
_xHistory
_y20th century.
655 7 _aElectronic books.
_2local
710 2 _aebrary, Inc.
830 0 _aLiterary modernism series.
856 4 0 _uhttp://site.ebrary.com/lib/rucke/Doc?id=10245790
_zAn electronic book accessible through the World Wide Web; click to view
999 _c35599
_d35599